000 00687nam a2200205Ia 4500
003 GCL
008 140319s9999 xx 000 0 ara d
040 _aGCL /
_cGCL
082 0 4 _a366.1
_bع م
100 1 _aعبدالوهاب زيتون
245 1 0 _aالماسون والاحداث التى هزت العالم /
_cعبدالوهاب زيتون
300 _a319 ص
490 _aالهيئة العامة للاستعلامات
_v0
650 0 4 _aالماسونية واليهودية
650 0 4 _aالقضية الفلسطينية
650 0 4 _aالماسونية
650 0 4 _aحرب الخليج
650 0 4 _aبروتوكولات حكماء صهيون
942 _2ddc
_cBK
999 _c49133
_d49133